University Home | Library Home | Institutional Repository

An outline of psychiatry : (Record no. 39791)

MARC details
000 -LEADER
fixed length control field 00810cam5a220025300 4500
001 - CONTROL NUMBER
control field lce00951863
005 - DATE AND TIME OF LATEST TRANSACTION
control field 20190813163858.0
008 - FIXED-LENGTH DATA ELEMENTS--GENERAL INFORMATION
fixed length control field 711014s1970 ii a b 000 0 eng
010 ## - LIBRARY OF CONGRESS CONTROL NUMBER
LC control number 73920437 /SA/r92
020 ## - INTERNATIONAL STANDARD BOOK NUMBER
Terms of availability Rs15.00
035 ## - SYSTEM CONTROL NUMBER
System control number (Sirsi) r88259
035 ## - SYSTEM CONTROL NUMBER
System control number (DLC) 73920437 /SA/r92
035 ## - SYSTEM CONTROL NUMBER
System control number (UPRA)lce00951863
040 ## - CATALOGING SOURCE
Original cataloging agency DLC
Transcribing agency DLC
Modifying agency DLC
-- UPRA
050 00 - LIBRARY OF CONGRESS CALL NUMBER
Classification number RC454
Item number .D36
100 1# - MAIN ENTRY--PERSONAL NAME
Personal name Deb, A. K. (Ajit Kumar)
Fuller form of name Deb, A. K. (Ajit Kumar)
Linkage A47683.1
245 13 - TITLE STATEMENT
Title An outline of psychiatry :
Remainder of title for students and practitioners in the tropics /
Statement of responsibility, etc. by A.K. Deb.
250 ## - EDITION STATEMENT
Edition statement [1st ed.
260 ## - PUBLICATION, DISTRIBUTION, ETC.
Place of publication, distribution, etc. Calcutta] :
Name of publisher, distributor, etc. Academic Publishers,
Date of publication, distribution, etc. 1970.
504 ## - BIBLIOGRAPHY, ETC. NOTE
Bibliography, etc. note Bibliography: p. 265-267.
650 #0 - SUBJECT ADDED ENTRY--TOPICAL TERM
Topical term or geographic name entry element Psychiatry.
Linkage S175.1
949 ## - LOCAL PROCESSING INFORMATION (OCLC)
a RC454
w LC
i -123385
m MEDICAL
t BOOK
l ON-SHELF
Holdings
Withdrawn status Lost status Source of classification or shelving scheme Damaged status Not for loan Home library Current library Shelving location Cost, normal purchase price Total Checkouts Full call number Barcode Date last seen Copy number Price effective from Koha item type
    Library of Congress Classification     Medical Library Medical Library On Shelf 0.00   RC454 -123385 08/13/2019 1 08/13/2019 Book
© 2026 - The University of Zambia Library - Koha v25.11